| 000 | 00629nam a2200193 a 4500 | ||
|---|---|---|---|
| 001 | 000013527 | ||
| 005 | 20240306073903.0 | ||
| 008 | 091125s2008 dr a 000 0 spa d | ||
| 020 | _a9789945112719 | ||
| 040 |
_aDO-SdBNP _bspa _cBNPHU |
||
| 082 |
_axxxx _bO78b |
||
| 245 | 0 | 0 |
_aOrtografía : _bbásica 7 / _cdirección editorial Obdulia García de Escobar ; editor Manuel García Cartagena. |
| 260 |
_aSanto Domingo : _bSantillana, _c2008. |
||
| 300 |
_a63 p. : _bil. ; _c28 cm. |
||
| 490 | 1 | _aCoral | |
| 700 | 1 |
_aGarcía Escobar, Obdulia de _edir. ed. _929220 |
|
| 700 | 1 |
_aGarcía Cartagena, Manuel _eed. _912067 |
|
| 049 | _aBNPD | ||
| 999 |
_c13151 _d13151 |
||